| 000 | 01255nam a22003017a 4500 | ||
|---|---|---|---|
| 001 | 1402 | ||
| 005 | 20231116121638.0 | ||
| 020 | _a9780590426886 | ||
| 040 |
_aDLC _cDLC _dDLC _dOCoLC _dDLC _beng |
||
| 050 | 0 | 0 |
_aPZ7.W244 _bYe |
| 082 | _aFic | ||
| 100 | 1 |
_aWarner, Gertrude Chandler _d1890-1979. |
|
| 245 | 1 | 4 |
_aThe yellow house mystery _cby Warner, Gertrude Chandler, illustrated by Mary Gehr. |
| 250 | _aThis edition published in 1981 | ||
| 260 |
_aNew York : _bScholastic, _c1953 |
||
| 300 |
_a191 pages : _billustrations ; _c20 cm |
||
| 490 |
_aThe boxcar children _vBook 3 |
||
| 505 | _aO | ||
| 520 | _aRelates the exploits of the four Alden children as they locate a missing man. The Boxcar children are determined to solve the mystery that surrounds an old yellow house on their grandfather's property. Strange things have happened in that house where long ago a man disappeared. | ||
| 521 |
_a620
_bLexile |
||
| 521 |
_aO
_bRaz-Plus |
||
| 650 | 0 |
_aBoxcar children (Fictitious characters) _vJuvenile fiction. |
|
| 650 | 0 |
_aOrphans _vJuvenile fiction. |
|
| 650 | 0 |
_aFamilies _vJuvenile fiction. |
|
| 655 | 7 |
_aDetective and mystery stories. _2gsafd |
|
| 906 |
_a7 _bcbc _corignew _du _eocip _f19 _gy-gencatlg |
||
| 942 |
_2ddc _cBK _n0 |
||
| 999 |
_c1402 _d1402 |
||